Ensayos sobre artes visuales: visualidad de la transición. Debates y procesos artísticos de los años 80 y 90 en Chile

সংরক্ষণ করুন:
গ্রন্থ-পঞ্জীর বিবরন
প্রধান লেখক: Carrasco, Dimarco (Author), Fuente, Alejandro de la (Author), Maureira, Diego (Author), Isla, Mónica (Author)
বিন্যাস: গ্রন্থ
ভাষা:স্প্যানিশ
প্রকাশিত: Santiago Lom Ediciones 2016
সংস্করন:1a. ed
মালা:Artes Visuales
বিষয়গুলি:
ট্যাগগুলো: ট্যাগ যুক্ত করুন
কোনো ট্যাগ নেই, প্রথমজন হিসাবে ট্যাগ করুন!

MARC

LEADER 00000cam a2200000 a 4500
001 UCD9410
003 CL-VaPUC
008 170616e20161200cl |||||||||||||||||spa|d
020 |a 9789560008473 
082 0 4 |a 709.83  |b CAR  |2 21 
100 0 |a Carrasco, Dimarco  |e author  |9 593114 
700 0 |a Fuente, Alejandro de la  |e author  |9 593115 
700 0 |a Maureira, Diego  |e author  |9 593116 
700 0 |a Isla, Mónica  |e author  |9 593117 
245 1 0 |a Ensayos sobre artes visuales: visualidad de la transición. Debates y procesos artísticos de los años 80 y 90 en Chile 
250 |a 1a. ed 
300 |a 133 p 
942 |c BK 
945 |d 20170616 21:05:00  |a arojas 
260 |a Santiago  |b Lom Ediciones  |c 2016 
650 0 |a Bellas artes  |9 334299 
650 0 |a Artes visuales  |9 336870 
650 0 |a Arte chileno   |9 369871 
650 7 |a CRITICA E HISTORIA  |2 CL-VaPUC  |9 593118 
583 |a last modification  |c 20170616 21:05:00  |k Rodrigo Vera 
490 0 |a Artes Visuales 
999 |c 368613  |d 368611 
952 |0 0  |1 0  |3 erb  |4 0  |6 709_830000000000000_CAR_2016  |7 0  |8 A  |9 483976  |a BIBART  |b BIBART  |i 5398223  |l 7  |m 2  |o 709.83 CAR 2016  |p 5398223  |r 2025-03-13  |s 2024-09-10  |w 2019-11-24  |y BK  |z Catalogado en:20170616  |k ART